00421nam a2200121Ia 4500008004100000100001900041245006000060245002300120260000900143856005500152999001900207952007300226160531s9999 xx 000 0 und d aDowney, Allen. aThink Stats: Probability and Statistics for Programmers cby Allen B. Downey c2011 uhttp://greenteapress.com/thinkstats/thinkstats.pdf c295291d295291 001040aCLbCLd2016-05-31l0r2016-05-31 00:00:00w2016-05-31yCBE